|
|
|
|
| LEADER |
00000nam a2200000 i 4500 |
| 001 |
DIGAUHUM0029 |
| 003 |
NyNyDIG |
| 007 |
cr ||||||||||| |
| 008 |
250501s2024 ck ob 001 0 spa d |
| 006 |
m o d |
| 035 |
|
|
|a (OCoLC)1519504021
|
| 040 |
|
|
|a DGITA
|b eng
|e rda
|e pn
|c DGITA
|
| 020 |
|
|
|a 9786287700956
|q (versión digital)
|
| 020 |
|
|
|z 9786287700949
|q (versión impresa)
|
| 050 |
1 |
4 |
|a PT2621.A26 ebook
|
| 100 |
1 |
|
|a Gómez Rubio, Sandra Viviana,
|e author.
|
| 245 |
1 |
3 |
|a El sujeto en La transformación /
|c Sandra Viviana Gómez Rubio.
|
| 250 |
|
|
|a Primera edición.
|
| 264 |
|
1 |
|a Bogotá :
|b Editorial Aula de Humanidades :
|b Asocheca,
|c 2024.
|
| 300 |
|
|
|a 1 online resource.
|
| 336 |
|
|
|a text
|b txt
|2 rdacontent
|
| 337 |
|
|
|a computer
|b c
|2 rdamedia
|
| 338 |
|
|
|a online resource
|b cr
|2 rdacarrier
|
| 347 |
|
|
|a text file
|2 rdaft
|
| 347 |
|
|
|b PDF
|
| 490 |
1 |
|
|a Colección: Lenguajes. Serie: Análisis literario
|
| 500 |
|
|
|a "Conmemoración 100 años de Frans Kafka"--cover.
|
| 504 |
|
|
|a Includes bibliographical references and indexes.
|
| 588 |
0 |
|
|a Online resource; title from PDF title page (Digitalia, viewed May 1, 2025)
|
| 600 |
1 |
0 |
|a Kafka, Franz,
|d 1883-1924
|x Criticism and interpretation.
|
| 600 |
1 |
0 |
|a Samsa, Gregor
|c (Fictitious character)
|
| 791 |
2 |
|
|a Digitalia (Firm),
|e distributor.
|
| 793 |
0 |
|
|g Digitalia eBook Collection:
|a Editorial Aula de Humanidades
|
| 776 |
0 |
8 |
|i Print version:
|a Gómez Rubio, Sandra Viviana.
|t Sujeto en La transformación.
|b Primera edición.
|d Bogotá : Editorial Aula de Humanidades : Asocheca, [2024]
|z 9786287700949
|
| 830 |
|
0 |
|a Colección Lenguajes (Editorial Aula de Humanidades).
|p Serie Análisis literario.
|
| 856 |
4 |
0 |
|3 Digitalia Hispánica
|u https://www.digitaliapublishing.com/a/170617/
|
| 910 |
|
|
|a Premium collection: 2025
|